000 00961nas a2200289 i 4500
001 2131
003 ES-MaACL
005 20251012210423.0
007 t|
008 950801c1874 fr | | 1 ||re d
080 _a39
245 0 0 _aRevue de philologie et d'ethnographie /
_cpubliée par Ch. E. de Ujfalvy.
260 _aParis :
_bErnest Leroux,
_c1874- (
_eSaint-Germain :
_fEugène Heutte et Cie)
300 _a6 v. ;
_c24 cm.
310 _aIrregular
362 0 _aAño I (1874)-
500 _aNo se publicó en 1879.
650 1 4 _aLingüística. Filología.
_914477
650 4 _aAntropología. Etnología.
_99890
700 1 _aUjfalvy de Mezo-Kövesd, Charles Eugène de,
_d1842-1904
_9111911
700 1 _aRiemann, Othon.
_997093
700 1 _aChatelain, Emile.
_938182
785 0 0 _aRevue de philologie de littérature et d'histoire anciennes
_d1880
852 _aES-MaACL
_jHem-442
866 0 _o1874-78.1880-82.
999 _c2131
_d2131